Music Quiz

Random Music or Song Quiz

Rob Zombie Songs Quiz Stats

 Plays Quiz not verified by Sporcle

Support Sporcle.
Go Orange.
Score 0/56 Timer 15:00
0 Plays Today
% Correct
Dragula
94%
Living Dead Girl
85.7%
Superbeast
81.3%
House of 1000 Corpses
73.1%
House of 1000 Corpses
73.1%
Foxy Foxy
59.9%
What?
59.3%
Sick Bubblegum
54.4%
American Witch
53.8%
Feel So Numb
52.2%
Demon Speeding
51.1%
Iron Head
50.5%
The Devil's Rejects
47.8%
Mars Needs Women
47.8%
Jesus Frankenstein
46.2%
Pussy Liquor
45.6%
Demonoid Phenomenon
43.4%
The Lord's of Salem
43.4%
Spookshow Baby
41.2%
What Lurks on Channel X?
41.2%
Call of the Zombie
40.1%
Meet the Creeper
40.1%
Scum of the Earth
39.6%
Dead Girl Superstar
37.4%
Werewolf Women of the SS.
36.8%
The Scorpion Sleeps
35.2%
How To Make A Monster
32.4%
Return of the Phantom Stranger
32.4%
% Correct
Sawdust In The Blood
31.9%
Virgin Witch
31.3%
Werewolf, Baby
30.8%
Never Gonna Stop (The Red Red Kroovy)
30.2%
The Man Who Laughs
29.1%
Ride
28.6%
Let It All Bleed Out
28%
Burn
27.5%
Sinners, Inc.
26.9%
(Go To) California
26.4%
Death of it All
26.4%
The Ballad of Resurrection Joe and Rosa ****
25.8%
Perversion 99
24.7%
17 Year Locust
24.2%
Bring Her Down (To Crippletown)
23.1%
Run, Rabbit, Run
23.1%
The Beginning of the End
22.5%
Death and Destiny Inside the Dream Factory
21.4%
Cease To Exist
21.4%
Michael
20.9%
100 Ways
20.3%
Brick House 2003
18.1%
Everybody Scream
14.3%
Transylvanian Transmissions, Pt. 1
13.7%
Little Piggy
13.2%
Devil's Hole Girls and the Big Revolution
12.6%
Everything Is Boring
12.6%
Theme for an Angry Red Planet
12.1%

You're not logged in!

Compare scores with friends on all Sporcle quizzes.
OR
Log In

From the Vault

Remove Ads.
Support Sporcle.
Get the best of Sporcle when you Go Orange. This ad-free experience offers more features, more stats, and more fun while also helping to support Sporcle. Thank you for becoming a member.

Show Comments

Extras

Created Mar 12, 2011ReportNominate
Tags:Rock Quiz, Song Quiz, metal

Top Quizzes Today


Score Distribution

Your Account Isn't Verified!

In order to create a playlist on Sporcle, you need to verify the email address you used during registration. Go to your Sporcle Settings to finish the process.

Report this User

Report this user for behavior that violates our Community Guidelines.

Details: